书目信息 |
| 题名: |
创客学堂Arduino项目33例
|
|
| 作者: | Simon Monk 著 ;唐乐 译 | |
| 分册: | ||
| 出版信息: | 北京 科学出版社 2014.05 |
|
| 页数: | 253页 | |
| 开本: | 23cm | |
| 丛书名: | ||
| 单 册: | ||
| 中图分类: | TP311.52 | |
| 科图分类: | ||
| 主题词: | 软件开发环境--基础知识 | |
| 电子资源: | ||
| ISBN: | 978-7-03-039907-6 | |
| 000 | 01002nam0 2200265 450 | |
| 001 | 2116 | |
| 001 | 01CN09606488@CSLN | |
| 005 | 20161205104105.06 | |
| 010 | @a978-7-03-039907-6@dCNY48.00 | |
| 100 | @a20140402d2014 em y0chiy50 ea | |
| 101 | 1 | @achi@ceng |
| 102 | @aCN@b110000 | |
| 105 | @ay z 000yy | |
| 200 | 1 | @a创客学堂Arduino项目33例@9chuang ke xue tang arduino xiang mu 33 li@f(英)Simon Monk著@g唐乐译@d30 Arduino Projects for the Evil Genius:Second Edition |
| 210 | @a北京@c科学出版社@d2014.05 | |
| 215 | @a253页@c图@d23cm | |
| 330 | @a本书通过33个Arduino实战项目为读者们提供了打开“物理计算”大门的钥匙,整合了Arduino的最新更新 | |
| 333 | @a电子信息、互动设计等专业的师生及电子爱好者 | |
| 510 | 1 | @a30 Arduino Projects for the Evil Genius:Second Edition |
| 606 | 0 | @a软件开发环境@x基础知识 |
| 690 | @aTP311.52@v4 | |
| 701 | 0 | @aSimon Monk@9simon monk@4著 |
| 702 | 0 | @a唐乐@9tang le@4译 |
| 801 | 0 | @aCN@b大连网信软件有限公司图书馆·11@c20161205 |
| 905 | @aZUCC@dTP311.52@e1021 | |
| 创客学堂Arduino项目33例/(英)Simon Monk著/唐乐译=30 Arduino Projects for the Evil Genius:Second Edition.-北京:科学出版社,2014.05 |
| 253页:图;23cm |
| 使用对象:电子信息、互动设计等专业的师生及电子爱好者 |
| ISBN 978-7-03-039907-6:CNY48.00 |
| 本书通过33个Arduino实战项目为读者们提供了打开“物理计算”大门的钥匙,整合了Arduino的最新更新 |
| ● |
| 相关链接 |
|
|
|
|
正题名:创客学堂Arduino项目33例
索取号:TP311.52/1021
 
预约/预借
| 序号 | 登录号 | 条形码 | 馆藏地/架位号 | 状态 | 备注 |
| 1 | 907772 | 209077728 | 第二样本阅览室/ [索取号:TP311.52/1021] | 在馆 | |
| 2 | 907773 | 209077737 | 密集书库—计算机科学学院/ [索取号:TP311.52/1021] | 在馆 | |
| 3 | 907774 | 209077746 | 第三借阅区/ [索取号:TP311.52/1021] | 在馆 | |
| 4 | 907775 | 209077755 | 第三借阅区/ [索取号:TP311.52/1021] | 在馆 | |
| 5 | 907776 | 209077764 | 第三借阅区/ [索取号:TP311.52/1021] | 在馆 |